| 000 | 00434 a2200157 4500 | ||
|---|---|---|---|
| 003 | NUST | ||
| 005 | 20230302185209.0 | ||
| 040 | _cNust | ||
| 082 | _a808.81,MAH | ||
| 100 |
_aHussan, mehmood ul _9109733 |
||
| 245 |
_aDard-o-Darmaan / درد و درماں (Urdu) /1987 _cLt General, Dr Mehmood ul Hassan |
||
| 260 |
_aRawalpindi _bNaryng Khyal _c1987 |
||
| 300 | _a216:p. | ||
| 650 |
_aUrdu poetry _9751 |
||
| 942 |
_2ddc _cBK _k808.81,MAH |
||
| 999 |
_c187637 _d187637 |
||